Efectos biologicos de las materias pirmas utilizadas en la elaboracion de polimeros (Registro nro. 83968)

Detalles MARC
000 -CABECERA
campo de control de longitud fija 00849nam a2200277 u 4500
001 - NÚMERO DE CONTROL
campo de control 190182
005 - FECHA Y HORA DE LA ÚLTIMA TRANSACCIÓN
campo de control 20260506080209.0
008 - DATOS DE LONGITUD FIJA--INFORMACIÓN GENERAL
campo de control de longitud fija 980602s1995 ||||||m| spa
035 ## - NÚMERO DE CONTROL DEL SISTEMA
Número de control de sistema 190182
040 ## - FUENTE DE LA CATALOGACIÓN
Centro/agencia transcriptor comduadb
041 ## - CÓDIGO DE LENGUA
Código de lengua del texto/banda sonora o título independiente spa
080 ## - NÚMERO DE LA CLASIFICACIÓN DECIMAL UNIVERSAL
Número de la Clasificación Decimal Universal QD
100 10 - ENTRADA PRINCIPAL--NOMBRE DE PERSONA
Nombre de persona Guerrero Quijano, Jaime A.
Código de función aut
Término indicativo de función/relación Autor/a
9 (RLIN) 511393
245 10 - TÍTULO PROPIAMENTE DICHO
Título propiamente dicho Efectos biologicos de las materias pirmas utilizadas en la elaboracion de polimeros
260 ## - PUBLICACIÓN, DISTRIBUCIÓN, ETC.
Lugar de publicación, distribución, etc. Medellín,
Fecha de publicación, distribución, etc. 1995.
300 ## - DESCRIPCIÓN FÍSICA
Extensión 301 hojas
502 ## - NOTA DE TESIS
Tipo de título Tesis (Especialista en Seguridad y Salud en el Trabajo).
Nombre de la institución que otorga el título Universidad de Antioquia. Facultad Nacional de Salud Pública,
526 ## - NOTA DE INFORMACIÓN SOBRE EL PROGRAMA DE ESTUDIO
Nombre del programa Universidad de Antioquia. Facultad Nacional de Salud Pública. Especialización en Seguridad y Salud en el Trabajo.
650 #7 - PUNTO DE ACCESO ADICIONAL DE MATERIA--TÉRMINO DE MATERIA
Término de materia o nombre geográfico como elemento de entrada Salud ocupacional
Fuente del encabezamiento o término lemb
9 (RLIN) 37677
650 ## - PUNTO DE ACCESO ADICIONAL DE MATERIA--TÉRMINO DE MATERIA
Término de materia o nombre geográfico como elemento de entrada Polimerización
9 (RLIN) 41809
650 #7 - PUNTO DE ACCESO ADICIONAL DE MATERIA--TÉRMINO DE MATERIA
Término de materia o nombre geográfico como elemento de entrada Toxicología industrial
Fuente del encabezamiento o término lemb
9 (RLIN) 35509
650 #7 - PUNTO DE ACCESO ADICIONAL DE MATERIA--TÉRMINO DE MATERIA
Término de materia o nombre geográfico como elemento de entrada Monitoreo epidemiológico
Fuente del encabezamiento o término dcs
9 (RLIN) 155303
700 10 - ENTRADA AGREGADA--NOMBRE PERSONAL
Nombre de persona Soto Velez, Juan Gonzalo
Código de función aut
Término indicativo de función/relación Autor/a
9 (RLIN) 495473
700 10 - ENTRADA AGREGADA--NOMBRE PERSONAL
Nombre de persona Quinchia Hernández., Rigoberto
Código de función ths
Término indicativo de función/relación Asesor/a de tesis
9 (RLIN) 487563
942 ## - ELEMENTOS DE ENTRADA AGREGADA (KOHA)
Tipo de ítem Koha Tesis
Existencias
Estado de retiro Estado de pérdida Fuente del sistema de clasificación o colocación Estado dañado No para préstamo Código de colección Localización permanente Ubicación/localización actual Fecha de adquisición Número de inventario Total de préstamos Signatura topográfica completa Código de barras Fecha visto por última vez Número de copia Precio válido a partir de Tipo de ítem Koha
Retirado de Circulación   Clasificación Decimal Dewey   Para Descartar Colección General Biblioteca Campus El Carmen de Viboral Biblioteca Campus El Carmen de Viboral 08/07/2009 C1055245   547.7 G934 61000000721387 22/04/2023 2 22/04/2023 Tesis
    Clasificación Decimal Dewey     Colección Semiactiva Biblioteca de Salud Pública, Campus Medellín Biblioteca de Salud Pública, Campus Medellín 02/06/1998 C262771   QD380 G8-95 e1 61000000721379 22/04/2023 1 22/04/2023 Tesis